LEADER 01381nam 2200349Ia 450 001 996396212903316 005 20200818210941.0 035 $a(CKB)4330000000357027 035 $a(EEBO)2240850180 035 $a(UnM)99899359e 035 $a(UnM)99899359 035 $a(EXLCZ)994330000000357027 100 $a19980717d1655 uy | 101 0 $aeng 135 $aurbn||||a|bb| 200 14$aThe passionate lovers$b[electronic resource] $ea tragi-comedy. The first and second parts. Twice presented before the King and Queens Majesties at Somerset-House, and very often at the private house in Black-Friars, with great applause, by his late Majesties Servants. Written by Lodowick Carlell, Gent 210 $aLondon $cprinted [by Thomas Newcombe] for Humphrey Moseley, and are to be sold at his shop at the sign of the Prince's Arms in St. Pauls Church-yard$d1655 215 $a[6], 156, [2] p 300 $aPrinter's name from Greg. 300 $aTitle page is A2. 300 $aSignatures: A-X? (-A1, X4). 300 $aReproduction of original in the Henry E. Huntington Library. 330 $aeebo-0113 700 $aCarlell$b Lodowick$f1602?-1675.$0836544 801 0$bCu-RivES 801 1$bCu-RivES 801 2$bCu-RivES 801 2$bWaOLN 906 $aBOOK 912 $a996396212903316 996 $aThe passionate lovers$92350909 997 $aUNISA LEADER 02480oam 2200481M 450 001 9910715813603321 005 20191123061942.5 035 $a(CKB)5470000002515953 035 $a(OCoLC)1063985205 035 $a(OCoLC)995470000002515953 035 $a(EXLCZ)995470000002515953 100 $a20070221d1863 ua 0 101 0 $aeng 135 $aurcn||||||||| 181 $ctxt$2rdacontent 182 $cc$2rdamedia 183 $acr$2rdacarrier 200 10$aIn the Senate of the United States. January 13, 1863. -- Ordered to be printed. Mr. Collamer, from the Committee on the Library, submitted the following report. The Committee on the Library, to whom was referred the message of the President of the United States transmitting the correspondence relative to certain valuable publications presented to the Library of Congress by the trustees of the British Museum, have had the same under consideration, and now respectfully report .. 210 1$a[Washington, D.C.] :$c[U.S. Government Printing Office],$d1863. 215 $a1 online resource (1 page) 225 1 $aSenate report / 37th Congress, 3rd session. Senate ;$vno. 73 225 1 $a[United States congressional serial set ] ;$v[serial no. 1151] 300 $aTitle from opening lines of text. 300 $aBatch processed record: Metadata reviewed, not verified. Some fields updated by batch processes. 300 $aFDLP item number not assigned. 606 $aBooks and reading 606 $aCharitable contributions 606 $aAcquisitions (Libraries) 608 $aLegislative materials.$2lcgft 615 0$aBooks and reading. 615 0$aCharitable contributions. 615 0$aAcquisitions (Libraries) 701 $aCollamer$b Jacob$f1791-1865$pRepublican (VT)$01401854 801 0$bWYU 801 1$bWYU 801 2$bOCLCO 801 2$bOCLCQ 801 2$bOCLCO 801 2$bOCLCQ 906 $aBOOK 912 $a9910715813603321 996 $aIn the Senate of the United States. January 13, 1863. -- Ordered to be printed. Mr. Collamer, from the Committee on the Library, submitted the following report. The Committee on the Library, to whom was referred the message of the President of the United States transmitting the correspondence relative to certain valuable publications presented to the Library of Congress by the trustees of the British Museum, have had the same under consideration, and now respectfully report .$93488674 997 $aUNINA